Sociology of development and change (Record no. 355613)

000 -LEADER
fixed length control field 00507cam a22001697a 4500
008 - FIXED-LENGTH DATA ELEMENTS--GENERAL INFORMATION
fixed length control field 180718b1993 xxu||||| |||| 00| 0 eng d
020 ## - INTERNATIONAL STANDARD BOOK NUMBER
International Standard Book Number 086311136X
082 ## - DEWEY DECIMAL CLASSIFICATION NUMBER
Classification number B1 So13
245 ## - TITLE STATEMENT
Title Sociology of development and change
Statement of responsibility, etc. edited by Chandrasekhar Bhat, Laxmi Narayan Kadekar and K. Ranga Rao
260 ## - PUBLICATION, DISTRIBUTION, ETC.
Place of publication, distribution, etc. New Delhi
Name of publisher, distributor, etc. Orient Longman
Date of publication, distribution, etc. 1993
300 ## - PHYSICAL DESCRIPTION
Extent 393p.
650 ## - SUBJECT ADDED ENTRY--TOPICAL TERM
Topical term or geographic name entry element Society
650 ## - SUBJECT ADDED ENTRY--TOPICAL TERM
Topical term or geographic name entry element Sociology
700 ## - ADDED ENTRY--PERSONAL NAME
Personal name Rao, K. Ranga
700 ## - ADDED ENTRY--PERSONAL NAME
Personal name Kadekar, Laxmi Narayan
700 ## - ADDED ENTRY--PERSONAL NAME
Personal name Bhat, Chandrasekhar
Holdings
Withdrawn status Lost status Damaged status Not for loan Permanent Location Current Location Date acquired Full call number Barcode Date last seen Price effective from Koha item type
        Indian Institute of Public Administration Indian Institute of Public Administration 1994-02-15 B1 So13 67292 2018-07-21 2018-07-21 Book

Powered by Koha